000 00790nam a2200301Ia 4500
001 Z_5825
003 CHAP
005 20240222143106.0
008 220113s1985 xx 000 0 und d
010 _a169025
020 _a84-291-1815-2
040 _cCHAP
082 _a637.1 A53y 1985
100 _aAlais, Charles
_93304
245 _aCiencia de la leche : principios de técnica lechera /
_cCharles Alais
260 _aMéxico, D.F. :
_bReverté,
_c1985
300 _a873 P.
503 _a248221, 248269
650 _aIndustria lechera
_957819
650 _aLeche
_xAnálisis
_965359
650 _aLeche
_xProducción
_965400
650 _aProductos lácteos
_992124
901 _a637.1 A53Y 1984
902 _aM
910 _a2003
942 _c1
_2ddc
942 _2ddc
999 _c169025
_d169025